000
00316nam a2200133Ia 4500
008
231129s1970||||xx |||||||||||||| ||spa||
040
_b
spa
082
_a
891.85 L481c
100
_a
Lem Stanislaw
245
0
_a
El congreso de futurologia
260
_c
1970
264
_a
Círculo de Lectores
942
_2
ddc
_c
BKS
999
_c
10656
_d
10656